000 01032nam0a22002411 4500
001 v19\rc\1193435
005 20250617212042.0
035 _a(NLR Aleph) 004360960
090 _a3372759
_c3372759
100 _a20060306d1855 |||y0rusy50 ca
101 0 _arus
102 _aRU
105 _ay z |||||
200 1 _aКлимат Архангельска
_eСредние температуры по месяцам, временам года и годовые
_eВыведены из метеорологических наблюдений, производимых при Архангельском порте, с 1841 по 1855 год
210 _a[Архангельск
_d1855]
215 _a1 л.
300 _aВ конце текста авт.: чл.-кор. Арх. губ. стат. ком. Александр Зарубин
700 1 _aЗарубин
_bА.И.
_gАлександр Иванович
801 0 _aRU
_bNLR
_gpsbo
801 1 _aRU
_bProSoft-M
_2rusmarc
852 _aNLR
_j18.8.1.297
942 _cBOOK
980 _aNB